banner koha

Use of extracts of sunflower-seed oil (Helianthus annus L.) for the treatment of cutaneous injuries in equine metatarsus: a case report (Registro n. 298794)

MARC details
000 -LÍDER
fixed length control field 02901nab a2200337 i 4500
003 - CÓDIGO MARC DA AGÊNCIA CATALOGADORA
Campo de controle BR-BrBNA
005 - DATA E HORA DA ÚLTIMA ATUALIZAÇÃO
Campo de controle 20240314160052.0
008 - CAMPO DE TAMANHO FIXO
fixed length control field 240314b2012 bl.qr|pooa||| 00| 0 eng |
040 ## - FONTE DA CATALOGAÇÃO
Agência catalogadora BR-BrBNA
Idioma da catalogação eng
072 ## - CATEGORIA AGRIS
Código AGRIS L74
Código do objeto 5100
100 ## - ENTRADA PRINCIPAL - NOME PESSOAL
Nome pessoal Coelho, C.S.
100 ## - ENTRADA PRINCIPAL - NOME PESSOAL
Nome pessoal Gama, J.A.N.
100 ## - ENTRADA PRINCIPAL - NOME PESSOAL
Nome pessoal Oliveira Júnior, L.A.T.
100 ## - ENTRADA PRINCIPAL - NOME PESSOAL
Nome pessoal Silva, B.S.F.
100 ## - ENTRADA PRINCIPAL - NOME PESSOAL
Nome pessoal Souza, V.R.C.
100 ## - ENTRADA PRINCIPAL - NOME PESSOAL
Nome pessoal Endringer, D.C.
100 ## - ENTRADA PRINCIPAL - NOME PESSOAL
Nome pessoal Lenz, D.
245 ## - TÍTULO PRINCIPAL
Título principal Use of extracts of sunflower-seed oil (Helianthus annus L.) for the treatment of cutaneous injuries in equine metatarsus: a case report
500 ## - NOTA GERAL
Nota geral Publicação on-line; 39 ref.; 2 illus.; Summaries (En, Pt)
942 ## - ADDED ENTRY ELEMENTS (KOHA)
Koha item type
520 ## - NOTA DE RESUMO
Nota de conteúdo <br/><br/>ABSTRACT: <br/><br/>This study describes an eighteen-year-old filly after an injury in the region of the<br/>dorsal left metatarsus, admitted to veterinary assistance. In addition to the normal treatment,<br/>which was characterized by cleaning and topical application of povidone-iodine, sunflower-seed<br/>oil was applied locally in order to improve and fasten wound healing. Macroscopic and clinical<br/>improvements of the wound healing were observed. The preliminary chemical and physical analyses<br/>have shown the stearic acid as the main component. The results suggest that the sunflower-seed<br/>oil enable a faster wound healing in horses.<br/><br/>Key words: equines, sunflower-seed oil, alternative treatment, wound healing
520 ## - NOTA DE RESUMO
Nota de conteúdo <br/><br/>RESUMO: <br/><br/>Uso do óleo de semente de girassol (Helianthus annus) no tratamento de lesões<br/>cutâneas no metatarso de um equino: relato de caso. O presente relato se refere a uma<br/>potra de 18 meses de idade que foi encaminhada a atendimento veterinário após sofrer grave<br/>lesão na região dorsal do metatarso esquerdo. Além do tratamento convencional, caracterizado<br/>pela limpeza e aplicação tópica de iodo-povidine, foi aplicado no local óleo de semente de girassol<br/>na tentativa de melhorar e acelerar a cicatrização da ferida. Foi observada a melhora clínica e<br/>macroscópica da lesão. Análises preliminares químicas e físicas demonstraram o ácido esteárico<br/>como principal componente do óleo usado. Os resultados sugerem que o óleo de semente de<br/>girassol é capaz de acelerar e melhorar a qualidade de cicatrização em feridas de equinos.<br/><br/>Palavras-chave: equinos, óleo de semente de girassol, terapias alternativas, cicatrização de<br/>feridas<br/>
650 ## - ASSUNTO - THESAGRO
Cabeçalho tópico ou nome geográfico EQUINO
650 ## - ASSUNTO - THESAGRO
Cabeçalho tópico ou nome geográfico GIRASSOL
650 ## - ASSUNTO - THESAGRO
Cabeçalho tópico ou nome geográfico ÓLEO
650 ## - ASSUNTO - THESAGRO
Cabeçalho tópico ou nome geográfico TERAPIA
650 ## - ASSUNTO - THESAGRO
Cabeçalho tópico ou nome geográfico CICATRIZAÇÃO
773 0# - ENTRADA ANALÍTICA
Host Biblionumber 3543
Registro do item 313852
Imprenta Botucatu-SP Instituto de Biociências - Departamento de Química e Bioquímica 1998
Outro identificador 2024-0124
Título Revista Brasileira de Plantas Medicinais (Brazil)
ISSN 1516-0572
Colação v. 14(1) p. 125-129; (2012)
Número de controle de registro BR2024000160
856 ## - ACESSO E ENDEREÇO ELETRÔNICO
Identificador uniforme de recurso - URI https://www.scielo.br/j/rbpm/a/NqLtvJh4GHYsYRrhTXMpBGK/?format=pdf&lang=en

Nenhum exemplar disponível.

BINAGRI

Telefone: (61)3218-2567/2388/3357/2097 - binagri@agro.gov.br

Ministério da Agricultura e Pecuária , Esplanada dos Ministérios, Bloco D, Anexo B, Brasília/DF, CEP: 70.043-900